Las reformas borbónicas y la invención de Veracruz/
Đã lưu trong:
| Tác giả chính: | |
|---|---|
| Tác giả khác: | , |
| Định dạng: | Sách |
| Ngôn ngữ: | Spanish |
| Các nhãn: |
Thêm thẻ
Không có thẻ, Là người đầu tiên thẻ bản ghi này!
|
MARC
| LEADER | 00000nam a22000007a 4500 | ||
|---|---|---|---|
| 003 | cru CIDCACS/IIS | ||
| 005 | 20181130062532.0 | ||
| 007 | ta | ||
| 008 | 181129t2011 mx |||||r|||||||| 0|spa|d | ||
| 999 | |c 41941 |d 41941 | ||
| 040 | |c cru CIDCACS/IIS | ||
| 100 | 1 | |a Ducey, Michael |9 8040 | |
| 245 | 1 | 4 | |a Las reformas borbónicas y la invención de Veracruz/ |c Michael Ducey, Juan Ortiz Escamilla, Silvia Méndez Maín |
| 300 | |a páginas 161-184: |b tablas, gráfico | ||
| 700 | 1 | |9 8044 |a Ortiz Escamilla, Juan | |
| 700 | 1 | |9 8045 |a Méndez Maín, Silvia | |
| 773 | 0 | |0 41933 |9 2462 |d Mexico: Gobierno del Estado de Veracruz, 2011 |o 17741 |t Historia general de Veracruz / |z 9786075020938 | |
| 942 | |2 ddc |c LI | ||



